Guidelines on participalory planning and managemen (Record no. 637119)

MARC details
000 -LEADER
fixed length control field 00898nam a2200265Ia 4500
003 - CONTROL NUMBER IDENTIFIER
control field OSt
005 - DATE AND TIME OF LATEST TRANSACTION
control field 20220926021547.0
008 - FIXED-LENGTH DATA ELEMENTS--GENERAL INFORMATION
fixed length control field 220923b |||||||| |||| 00| 0 eng d
020 ## - INTERNATIONAL STANDARD BOOK NUMBER
International Standard Book Number 9211201535
037 ## - SOURCE OF ACQUISITION
Terms of availability General Book
040 ## - CATALOGING SOURCE
Original cataloging agency RTL
Transcribing agency RTL
Language of cataloging eng
041 ## - LANGUAGE CODE
Source of code eng
Language code of text/sound track or separate title eng
110 ## - MAIN ENTRY--CORPORATE NAME
Corporate name or jurisdiction name as entry element United Nations, Government Of .... Economic And Social Commission For Asia And The Pacific
9 (RLIN) 326440
245 #0 - TITLE STATEMENT
Title Guidelines on participalory planning and managemen
260 ## - PUBLICATION, DISTRIBUTION, ETC.
Place of publication, distribution, etc. New York
Name of publisher, distributor, etc. United Nation U S A
Date of publication, distribution, etc. 2003
300 ## - PHYSICAL DESCRIPTION
Extent 129p. Bib p. 122-29
Dimensions cm.
490 ## - SERIES STATEMENT
Series statement Water Resources ,82
650 ## - SUBJECT ADDED ENTRY--TOPICAL TERM
Topical term or geographic name entry element Meteorology
9 (RLIN) 200073
700 ## - ADDED ENTRY--PERSONAL NAME
Personal name United Nations, Government Of .... Economic And Social Commission For Asia And The Pacific
9 (RLIN) 326441
942 ## - ADDED ENTRY ELEMENTS (KOHA)
Classification part U2854.4.P, P3
Koha item type General Books
Source of classification or shelving scheme Colon Classification (CC)

No items available.

Copyright @ Delhi University Library System